00492nam a22001577a 450000500170000002000130001703500120003003700110004208200100005310000360006324500840009926000780018327000150026130000520027649000060032820120427110935.0 c30.00a  aB-54274 b adpl a398.6 aरिज़वी आबिद1 aपहेलियों की बहार /cरिज़वी आबिद aदिल्लीbसाधना पॉकेट बुक्सc2001 a b e k  a160पृ.c22सेमी (सजिल्द) a